00331nam a22001337a 4500003000400000008004100004020001800045100002100063245005000084250000900134260002500143300000800168650002100176OSt201119b ||||| |||| 00| 0 eng d a9780070597846 aSimmons, George  aIntroduction to Topology and Modern Analysis  aRep. aNew DelhibTMHc2020 a372 aB.Sc Non Medical